Aký bude rok 2007

Bibliographic Details
Main Author: Kříž, Jaroslav (Author)
Format: Article
Language:Slovak
ISSN:1336-7331
Subjects:

MARC

LEADER 00000nab a2200000 ar4500
001 vtls008954213
003 SK-MaSNL
005 20260303070313.0
008 070312c2007 xo qr|p|||||||000 b|slo
015 |a SNBRB2007/03 
038 |a SNKBUCL 
040 |a SNKBUCL  |b slo  |e AACR2  |c SNKBUCL 
041 0 |a slo 
044 |a xo  |c SK 
080 |a 231.52  |2 1997 
080 |a 241.11  |2 1997 
100 1 |a Kříž, Jaroslav  |4 aut  |9 268607 
245 1 0 |a Aký bude rok 2007  |c Jaroslav Kříž 
650 0 7 |a správanie človeka  |2 snkbucl  |9 1032996 
650 0 7 |a budúcnosť ľudstva  |2 snkbucl  |9 977030 
650 0 7 |a Božia vôľa  |2 snkbucl  |9 284039 
773 0 |t Logos  |g Roč. IV, č. 1 (2007), s. 4-5  |x 1336-7331 
852 |a SNK  |b KIS3GCP 
958 |a SK 
958 |a NT 
999 |c 1754790  |d 1756720